000 00633cam a22001337a 4500
008 180718b1973 xxu||||| |||| 00| 0 eng d
082 _aW54x5441 G949
245 _aReports of the Committees to study the developmental requirements of Gujarat Ports and the administrative set up of Ports organisation
_cby Public Works Department, Gujarat
260 _aGandhinagar
_bPublic Works Department
_c1973
300 _a245+p.
500 _aChairman: H.M. Trivedi
700 _aTrivedi, H.M. (Chairman)
700 _aGujarat. Committee to study the developmental requirements of Gujarat Ports and the administrative set up of Ports Organisation
999 _c490473
_d490473